000
00464nam a2200181Ia 4500
008
090124s9999 xx 000 0 und d
082
_b
5593
_a
285
100
_a
नातू जी.एन.
245
_a
ब्रॅडमन
250
_a
1
260
_c
1937
300
_a
96
600
_a
नातू जी.एन.
630
_a
ब्रॅडमन
700
_a
नातू जी.एन.
730
_a
ब्रॅडमन
942
_c
BOOK
999
_c
119534
_d
119534